| 000 | 02264cam a22002294a 4500 | ||
|---|---|---|---|
| 005 | 20251217102554.0 | ||
| 008 | 250528s ||||||||||||||||||||||||d | ||
| 020 | _a9789600220964 | ||
| 035 | _a21287 | ||
| 040 |
_aGR-AtMCL _bgre _dGR-AtMCL _eAACR2 |
||
| 245 | 1 | _aΕισαγωγή στην Κοινωνική Ψυχολογία / Τρίτη Αγγλική Έκδοση | |
| 250 | _a3η | ||
| 260 |
_bΠαπαζήση, _c2007 |
||
| 300 | _a920 σ. | ||
| 520 | _aΈνα περιεκτικό και βατό εισαγωγικό κείμενο για τους φοιτητές της Κοινωνικής Ψυχολογίας. Εισαγωγή, Εισαγωγή στην Ιστορία της Κοινωνικής Ψυχολογίας, Εξελικτική Κοινωνική Ψυχολογία, Αναπτυξιακή Κοινωνική Ψυχολογία, Η Μεθοδολογία την Κοινωνική Ψυχολογία: Εργαλεία Ελέγχου και Θεωριών, Η Κατασκευή του Κοινωνικού Κόσμου, Κοινωνική Νόηση, Το Συναίσθημα, Θεωρία Απόδοσης και Έρευνα: Από τις Βασικές Γνώσεις στην Εφαρμογή, Οι Στάσεις, Κοινωνική Συναλλαγή και Προσωπικές Σχέσεις, Προ-Κοινωνική Συμπεριφορά, Επιθετική Συμπεριφορά, Κοινωνική Αλληλεπίδραση: Συνεργασία και Ανταγωνισμός, Δεσμός και Έλξη και Στενές Σχέσεις, Κοινωνικές Ομάδες, Κοινωνική Επίδραση σε Μικρές Ομάδες, Ομαδική Απόδοση, Σχέσεις μεταξύ των Ομάδων, Εφαρμογές, Ψυχολογεία της Υγείας: Μια Κοινωνικο-Ψυχολογική Άποψη, Η Κοινωνική Ψυχολογία στους Οργανισμούς, Γλωσσάριο, Βιβλιογραφία, Ευρετήριο Θεμάτων, Ευρετήριο Συγγραφέων. | ||
| 650 | 0 |
_aΨυχολογία _99898 |
|
| 700 | 1 |
_aHewstone Miles _9362 |
|
| 700 | 1 |
_aStroebe Wolfgang _96805 |
|
| 942 | _cBK | ||
| 999 |
_c6352 _d6352 |
||